000 00728nam a2200229Ii 4500
003 JO-AjNU
008 230605s9999||||xx |||||||||||||| ||und||
017 _a2012/10/3779
020 _a977-9957-12-481-6
040 _aJO-AjNU
_bara
_erda
_cJO-AjNU
041 _aara
050 1 4 _aCS1122.2013
100 3 _aخليفات، نجاح عودة,
_eauthor
_950595
245 0 0 _aالأنساب العربية، الجزء الثاني
250 _aالطبعة العربية
264 3 1 _aعمان: دار اليازوري، 2013
300 _aج2، 441ص
336 _atext
_btxt
_2rdacontent
337 _aunmediated
_bn
_2rdamedia
338 _avolume
_bnc
_2rdacarrier
650 4 _aالأنساب العربية
_950596
999 _aA22297
_c25865
_d25865